|
|
|
|
| LEADER |
00000cam a2200000 a 4500 |
| 001 |
UCF4604 |
| 003 |
CL-VaPUC |
| 008 |
121213e20110800SP |||||||||||||||||spa|d |
| 020 |
|
|
|a 9788425338116
|
| 082 |
0 |
4 |
|a 781.6261
|b CHA
|2 21
|
| 100 |
0 |
|
|a Chaachoo, Amin
|e author
|9 566151
|
| 245 |
1 |
3 |
|a La música andalusí al-Ala: historia, conceptos y teoría musical
|
| 250 |
|
|
|a 1a. ed
|
| 300 |
|
|
|a 227 p
|
| 942 |
|
|
|c BK
|
| 945 |
|
|
|d 20121213 00:00:00
|a dcastane
|
| 260 |
|
|
|b Almuzara
|c 2011
|
| 650 |
|
0 |
|a Música folklórica
|9 306412
|
| 650 |
|
7 |
|a FOLKLORE ANDALUZ
|2 CL-VaPUC
|9 566152
|
| 650 |
|
0 |
|a Música Andaluza
|9 459373
|
| 650 |
|
0 |
|a Teoría musical
|9 265760
|
| 583 |
|
|
|a last modification
|c 20121213 11:07:00
|k Rodrigo Vera
|
| 999 |
|
|
|c 350360
|d 350358
|
| 952 |
|
|
|0 0
|1 0
|4 0
|6 781_626100000000000_CHA_2011
|7 0
|8 A
|9 453644
|a BIBGIM
|b BIBGIM
|d 2019-11-22
|i 493315K
|o 781.6261 CHA 2011
|p 493315K
|r 2025-01-15
|w 2019-11-22
|y BK
|k ARA
|
| 952 |
|
|
|0 0
|1 0
|4 0
|6 781_626100000000000_CHA_2011
|7 0
|8 X
|9 453645
|a FDOMLP
|b FDOMLP
|d 2019-11-22
|i 4930851
|o 781.6261 CHA 2011
|p 4930851
|r 2019-11-22
|w 2019-11-22
|y BK_X
|k BU2
|